000 00706nam a2200217Ii 4500
003 JO-AjNU
008 230606s9999||||xx |||||||||||||| ||und||
020 _a0-07-010273-2
040 _aJO-AjNU
_beng
_erda
_cJO-AjNU
041 _aeng
050 1 4 _aHF5686.C8.P5955 1984
100 3 _aCashin,James A / Polimeni, Ralph S,
_eauthor
_93205
245 0 0 _aSchaum's Outline of Theory and Problems of Cost Accounting vol. I
250 _a2 ed
264 3 1 _aNew York : Mc Graw Hill book company,1984
300 _aVol.1, 266p
_b Includes indexes(p262-266)
336 _atext
_btxt
_2rdacontent
337 _aunmediated
_bn
_2rdamedia
338 _avolume
_bnc
_2rdacarrier
650 4 _aCost Accounting
_93206
999 _aE1678
_c1678
_d1678